000
00314nam a2200133Ia 4500
005
20251222144644.0
008
251222s9999||||xx |||||||||||||| ||spa||
020
_a
84-7490-524-9
082
_a
940.232/D97
100
_a
Dumont, Jean
245
0
_a
Lepanto, la Historia Oculta
264
_b
Encuentro
942
_c
LIB
999
_c
16790
_d
16790